| 000 | 00704nam a22002177a 4500 | ||
|---|---|---|---|
| 003 | OSt | ||
| 005 | 20251009014527.0 | ||
| 008 | 251009b |||||||| |||| 00| 0 eng d | ||
| 020 | _a978-621-8179-24-0 | ||
| 040 |
_aDWCL-Main lib _cOC |
||
| 082 | _aFil. 658.45 S111a 2021 | ||
| 100 | _aSaycip, James DC. | ||
| 245 |
_aApplied Business Tools and Technologies/ _cJames DC. Saycip |
||
| 260 |
_a Manila, Philippines : _bEDRIC Publishing house, _cc2021. |
||
| 300 |
_a100 pages: _b illustrations ; _c25cm. |
||
| 504 | _aIncludes bibliographical references | ||
| 650 | _a1. Business technology | ||
| 650 | _a2. Folio system | ||
| 650 | _a3. Information technology | ||
| 942 |
_2ddc _cBK - FIL _kFil. _n0 |
||
| 999 |
_c4739 _d4739 |
||